Finančné účtovníctvo Praktikum

Bibliographic Details
Main Author: Staríčková, Zuzana (Author)
Format: Book
Language:Slovak
PhysicalDescription:188 s. tab. 29 cm
Published: Bratislava Vydavateľstvo Ekonóm 2006
ISBN:8022519618
Edition:1. vyd.
Subjects:

MARC

LEADER 00000nam a2200000 a 4500
001 vtls008689057
003 SK-MaSNL
005 20260301124001.0
008 240314s2006 xo l d p 000 0 slo
015 |a SNBA2006/05-02878 
020 |a 8022519618  |q (brož.) 
035 |a AA03B460-ABB0-41C9-8044-3147294C6E9F 
035 |a urn:nbn:sk:snk-amksj9 
035 |a urn:nbn:sk:snk-am0058ii 
040 |a SNK  |b slo  |c SNK  |e AACR2 
041 0 |a slo 
044 |a xo  |c SK 
072 7 |a 657  |x Účtovníctvo  |2 konspekt 
072 7 |a 37.016  |x Učebné osnovy. Vyučovacie predmety. Učebnice  |2 konspekt 
080 |a (076.5)  |2 2001 
080 |a (075.8)  |2 2001 
080 |a 657  |2 2001 
100 1 |a Staríčková, Zuzana  |4 aut  |9 48781 
245 1 0 |a Finančné účtovníctvo  |p Praktikum  |c Zuzana Staríčková 
250 |a 1. vyd. 
260 |a Bratislava  |b Vydavateľstvo Ekonóm  |c 2006 
300 |a 188 s.  |b tab.  |c 29 cm 
366 |e 400 výtl. 
650 0 7 |a účtovníctvo  |2 SNKPH  |9 649 
655 7 |a praktické cvičenia  |2 SNKPH  |9 70517 
655 7 |a učebnice vysokých škôl  |2 SNKPH  |9 70191 
919 |a 80-225-1961-8 
958 |a OND 
999 |c 738039  |d 739969 
952 |a SNK  |b SNK  |y PREZ  |7 0  |p 17A0505455  |o snkSB 72084  |i snk2006/7249  |8 0  |0 0  |1 0  |4 0  |d 2006-04-06  |l 0  |r 2025-04-25 00:00:00  |w 2026-02-23 
952 |a SNK  |b SNK  |y VYP  |7 0  |p 17A0505456  |o snkSB 72084 D1  |i snk2006/7250  |8 0  |0 0  |1 0  |4 0  |d 2006-04-06  |f 1  |l 0  |r 2016-06-30 00:00:00  |w 2026-02-23